Statistics for Stadiums and Arenas names Without Corporate Sponsorships

Click here to take the quiz!

General Stats

  • This quiz has been taken 15 times
  • The average score is 6 of 13

Answer Stats

HintAnswer% Correct
MLBYankee Stadium
87%
MLBFenway Park
80%
NFLLambeau Field
53%
MLBNationals Park
53%
NFLArrowhead Stadium
47%
MLBDodger Stadium
47%
NFLSoldier Field
47%
MLBMarlins Park
33%
NBA/NHLMSG
33%
MLBAngel Stadium
27%
MLBKauffman Stadium
27%
MLBOriole Park at Camden Yards
27%
NFLPaul Brown Stadium
20%

Score Distribution

Percentile by Number Answered

Percent of People with Each Score

Your Score History

You have not taken this quiz